| 000 | 01185nam a2200289Ia 4500 | ||
|---|---|---|---|
| 999 |
_c5530 _d5530 |
||
| 003 | OSt | ||
| 005 | 20200624173458.0 | ||
| 008 | 191128s1951 mx gr 000 0 spa d | ||
| 040 |
_aCO-JMCR _cCO-JMCR |
||
| 041 | 1 |
_aspa _heng |
|
| 082 | 0 | 4 |
_a330.1556 / _bL275t _223 |
| 100 | 1 |
_aLerner, Abba P., _eautor _96100 |
|
| 245 | 1 | 0 |
_aTeoría económica del control : _bprincipios de economía del bienestar / _cAbba P. Lerner ; traducción de Edmundo Flores |
| 250 | _aPrimera edición | ||
| 260 |
_aMéxico : _bFondo de Cultura Económica, _c1951. |
||
| 300 |
_a457 páginas ; _c21 cm. |
||
| 490 | 0 | _aSección de obras de economía | |
| 505 | 0 | _aLa distribución óptima de los bienes -- La división optima del ingreso -- La división del ingreso y la distribución de los bienes en una economía no controlada -- Producción simple (I) (En una eocnomía colectivista) | |
| 534 | _pThe economics of control | ||
| 546 | _aTraducido del inglés | ||
| 650 | 1 | 4 |
_aPolítica económica _96101 |
| 650 | 2 | 4 |
_aTeoría económica _96102 |
| 650 | 2 | 4 |
_aEconomía del bienestar _93975 |
| 650 | 2 | 4 |
_aPolítica social _96103 |
| 700 | 1 |
_aFlores, Edmundo, _etraductor _95406 |
|
| 942 |
_2ddc _cBK |
||